| Tag |
First Indicator |
Second Indicator |
Subfields |
| LEADER |
00000nam a2200000Ia 4500 |
| 001 |
in00004333313 |
| 005 |
20200812093036.0 |
| 006 |
m g d |
| 007 |
cr bn |||a|bb| |
| 008 |
050819s1642 enk o 000 0 eng d |
| 035 |
|
|
|a (OCoLC)61296996
|
| 040 |
|
|
|a UMI
|c UMI
|e dcrb
|
| 037 |
|
|
|a CL0037000124
|b ProQuest Information and Learning. 300 N. Zeeb Rd., Ann Arbor, MI 48106
|
| 043 |
|
|
|a e-uk---
|
| 090 |
|
|
|a DA410
|b .E53 1642
|
| 049 |
|
|
|a UMIA
|
| 110 |
1 |
|
|a England and Wales.
|b Parliament.
|
| 245 |
1 |
4 |
|a The humble petition of the Lords and Commons in Parliament assembled, to the Kings most excellent Majesty :
|b for a pacification between His Majesty and both Houses.
|
| 260 |
|
|
|a London :
|b Printed for N. Allen,
|c 1642.
|
| 300 |
|
|
|a 1 online resource (6 pages)
|
| 336 |
|
|
|a text
|b txt
|2 rdacontent
|
| 337 |
|
|
|a computer
|b c
|2 rdamedia
|
| 338 |
|
|
|a online resource
|b cr
|2 rdacarrier
|
| 500 |
|
|
|a "Veneris Julii 15, 1642. Ordered by the Lords in Parliament that this petition be forthwith printed and published. Jo. Brown Cler. Parl."
|
| 500 |
|
|
|a Reproduction of original in: Bodleian Library.
|
| 510 |
4 |
|
|a Wing (2nd edition)
|c E1585C
|
| 533 |
|
|
|a Electronic reproduction.
|b Ann Arbor, Mich. :
|c UMI,
|d 1999-
|f (Early English books online)
|n Digital version of: (Early English Books, 1641-1700 ; 2833:24)
|7 s1999 miun s
|
| 610 |
1 |
0 |
|a England and Wales.
|b Sovereign (1625-1649 : Charles I).
|
| 651 |
|
0 |
|a Great Britain
|x History
|y Civil War, 1642-1649
|v Sources.
|
| 651 |
|
0 |
|a Great Britain
|x Politics and government
|y 1642-1649
|v Sources.
|
| 830 |
|
0 |
|a Early English books online.
|
| 856 |
4 |
0 |
|u http://proxy.library.tamu.edu/login?url=https://search.proquest.com/docview/2240872355
|z Connect to the full text of this electronic book
|t 0
|
| 994 |
|
|
|a 02
|b UMI
|
| 999 |
f |
f |
|s 513c2d82-e8b4-391d-81be-da4ea328d26c
|i e3f9eea5-d559-3016-a350-cf3d5d7d07c8
|t 0
|
| 952 |
f |
f |
|a Texas A&M University
|b College Station
|c Electronic Resources
|d Available Online
|t 0
|e DA410 .E53 1642
|h Library of Congress classification
|
| 998 |
f |
f |
|a DA410 .E53 1642
|t 0
|l Available Online
|